| 000 | 00517nam a2200169 i 4500 | ||
|---|---|---|---|
| 001 | 96851 | ||
| 003 | ES-MaACL | ||
| 005 | 20250824063039.0 | ||
| 007 | t| | ||
| 008 | 050701s1954 sp ||||1| spa d | ||
| 100 | 1 |
_aManfredi Cano, Domingo, _d1918-1998 _975997 |
|
| 245 | 1 | 0 |
_aSantuarios de la Virgen María en España y América... / _cDomingo Manfredi Cano. |
| 260 |
_aMadrid : _bEdisa, _c1954. |
||
| 300 |
_a378 p., 15 lám. ; _c19 cm. |
||
| 852 |
_aES-MaACL _jC-9315 _bR.36848 |
||
| 999 |
_c96851 _d96851 |
||